| 000 | 00617nam a2200193Ia 4500 | ||
|---|---|---|---|
| 003 | GCL | ||
| 005 | 20240530105528.0 | ||
| 008 | 140319s9999 xx 000 0 ara d | ||
| 040 |
_aGCL / _cGCL |
||
| 082 | 0 | 4 |
_a811.082 _bم ن |
| 100 | 1 | _aمحمد حامد الحضيرى | |
| 245 | 1 | 0 |
_aنضال المراة فى الشعر العربى الحديث / _cمحمد حامد الحضيرى |
| 260 |
_a[S.N] : _bرابطة الادب الحديث ، _c1990 |
||
| 300 | _a270 ص | ||
| 650 | 0 | 4 | _aالشعر العربى |
| 650 | 0 | 4 | _aالمرأة فى الادب |
| 650 | 0 | 4 | _aتاريخ ونقد |
| 942 |
_2ddc _cBK |
||
| 999 |
_c56602 _d56602 |
||